000 00820nam a2200253Ia 4500
001 21770
005 20260320113311.0
008 260320s9999||||xx |||||||||||||| ||und||
041 _aESP
082 _a617.08
_bL581
100 _aLuban-Plozza, B.,
_eAUT
245 0 _aEl enfermo psicosomático y su médico práctico :
_bcertezas y experiencias
246 _a
_5
_b
250 _aSegunda edición
260 _aLima :
_bEditiones Roche,
_c1986
300 _a316 páginas :
_bfiguras, tablas ;
_c24 cm.
_e
440 _a
_n
_v
650 _aTCA
653 _aMedicina humana; Medicina psicosomática
654 _aCCS
700 _aPöldinger, W.,
_cAUT
856 _uhttps://accessmedicina-mhmedical-com.ucsp.lookproxy.com/
_zVéase además: Base de datos McGraw Hill Access Medicina
942 _cLIB
_dJUS
_fTRC
_2ddc
_n
999 _c21770
_d21770